00361nam a2200145Ia 4500008004100000020001500041041000800056082001700064100002000081245002000101250000600121260005200127300001600179650002000195210716s2003 xx 000 0 und d a8120320956 aeng a621.395 MANM aMano, M Morris. aDigital design. a1 aNew DelhibPrentice Hall of India PVt Ltdc2003 axi,492/1984 aDigital Systems